000 00728nam a22001817a 4500
003 UA-OsUOA
001 8904
007 ta
008 20041007b un ||||| |||| 00| 0 ukr d
100 _aПанченко В.
942 _cSA
040 _aUA-OsUOA
_cUA-OsUOA
_dUA-OsUOA
245 _aМеч Щербицькиго проти " Меча Арея " : Епізоди історії української літератури початку 1970-хроків
300 _aС.53-60
955 _a0
773 0 _w0
_tДивослово (українська мова й література в навчальних закладах)
_dКиїв
_d2004
_g№9
650 7 _aУкраїнське літературознавство
_2UDC
999 _c295065
_d295065